| 000 | 00630nam a22001937a 4500 | ||
|---|---|---|---|
| 999 |
_c17945 _d17945 |
||
| 008 | 191007b xxu||||| |||| 00| 0 eng d | ||
| 020 | _a0534491321 | ||
| 040 |
_aKABU _cKABU |
||
| 050 |
_aQA76.73 _b.C15F67 2007 c. 1 |
||
| 100 | _aForouzan, Behrouz A. | ||
| 245 |
_aComputer science _ba structured programming approach using C, _cBehrouz A. Forouzan, Richard F. Gilberg |
||
| 250 | _a3rd ed. | ||
| 260 |
_aAustralia _bCourse Technology _c2007 |
||
| 300 | _axxvii, 1156 p. | ||
| 650 | _aC (Computer program language) | ||
| 650 | _aStructured programming | ||
| 700 | _aGilberg, Richard F. | ||
| 942 |
_2lcc _cBK _hQA76.73 |
||